| 000 | 00765nam a2200253 a 4500 | ||
|---|---|---|---|
| 001 | 22582 | ||
| 003 | SK-KTurca | ||
| 005 | 20260401141315.0 | ||
| 008 | 950616s1988 xo a 000 1 slo c | ||
| 035 | _aUKB000167734 | ||
| 040 |
_aBAA001 _bslo _cBAA001 _eAACR2 |
||
| 041 | 1 |
_aslo _hger |
|
| 044 |
_axo _cSK |
||
| 084 |
_aW 9(4N)62-46 _2UKB |
||
| 100 | 1 |
_aMay, Karl _d1842-1912 |
|
| 245 | 0 | 0 |
_aPoklad na striebornom jazere _cZ nem. orig. prel. a pozn. zost.Teofil Ušák ; Ilustr. Teodor Schnitzer |
| 250 | _a4. vyd. | ||
| 260 |
_aBratislava _bMladé letá _c1988 |
||
| 300 |
_a573 s. _bilustr. |
||
| 500 | _aKlub mladých čitateľov. Pre čitateľov od 11 rokov | ||
| 700 | 1 |
_aUšák, Teofil _4trl |
|
| 700 | 1 |
_aSchnitzer, Teodor _4ill |
|
| 942 |
_2ddc _cKLDO _n0 |
||
| 999 |
_c22582 _d22582 |
||